| 000 | 01397cam a22003011 4500 | ||
|---|---|---|---|
| 001 | 8372708 | ||
| 003 | AUA.1 | ||
| 005 | 20250929172253.0 | ||
| 008 | 780810s1936 nyuab d 000 0 eng | ||
| 010 | _a 51051557 | ||
| 035 | _a(OCoLC)4124723 | ||
| 040 |
_aDLC _cDLC _dDLC _dJTL |
||
| 050 | 0 | 0 |
_aBS440 _b.J3 1936 |
| 082 | _a220.3 | ||
| 245 | 0 | 0 |
_aFunk and Wagnalls new Standard Bible dictionary : _bdesigned as a comprehensive help to the study of the Scriptures, their languages, literary problems, history, biography, manners and customs, and their religious teachings / _cedited by Melancthon W. Jacobus, Elbert C. Lane, and Andrew C. Zenos, with the assistance of Elmer J. Cook, in association with American, British, and German scholars. |
| 250 | _a3d rev. ed. | ||
| 260 |
_a New York : _bFunk and Wagnalls Company, _c[c1936] |
||
| 300 |
_axxii, 965 p. : _billus., maps (part col.), _c26 cm. |
||
| 500 | _aPublished in 1936 by Funk and Wagnalls under title: A new Standard Bible dictionary. | ||
| 630 | 0 | 0 |
_aBible _vDictionaries. _918043 |
| 700 | 1 |
_aJacobus, Melancthon Williams, _d1855-1937, _eed. _918044 |
|
| 700 | 1 |
_aLane, Elbert Clarence, _d1870- _ejoint ed. |
|
| 700 | 1 |
_aZenos, Andrew C. _eed. |
|
| 700 | 1 | _aCook, Elmer J. | |
| 740 | 0 | _aNew Standard Bible dictionary. | |
| 906 |
_a7 _bcbc _coclcrpl _du _encip _f19 _gy-gencatlg |
||
| 942 |
_2lcc _cREF _hBS 440 _i.J3 1936 |
||
| 999 |
_c5202 _d5202 |
||